00426 a2200169 450000100060000002000060000604000220001210000200003424000170005424500120007130000070008336200090009065000220009994200070012195201110012899900170023958156 a  cAnchieta - Pituba aRaposo, Alvacir10aSonetoslpor10aSonetos a910 a1999 4aPoesia brasileira cBK 00104070a91.1b91.1d2023-11-21l0o869.91 R219s RAP SONp8487/PITr2023-11-21 18:25:52w2023-11-21yBK c58156d58156